Culture générale ! Une image... Un des... (37) - Statistiques

Statistiques générales
  • Ce quiz a été pris 84 fois
  • Le résultat moyen est 20 sur 30
Statistiques - réponses
Par images Hint Réponse % Correct
biscuits macaron
100%
animaux Girafe
99%
métaux précieux or
99%
jeux de société monopoly
97%
fleurs tulipe
97%
enseignes de fast food Burger king
93%
desserts italiens tiramisu
93%
sites internet célèbres Wikipedia
92%
stars américaines Lady gaga
86%
symboles français béret
85%
personnages de fiction Esmeralda
81%
grands couturiers Karl Lagerfeld
75%
villes du Canada Toronto
71%
papes Jean-Paul II
65%
Personnages de cinéma Rocky Balboa
65%
tournois de tennis Wimbledon
63%
métaux mercure
58%
types de céréales Corn flakes
57%
marques de briquet Zippo
53%
accessoires de construction girouette
51%
os du corps humain ulna | cubitus
51%
chapeaux tricorne
50%
personnages légendaires troll
44%
races de chien chow chow
42%
éléments néon
40%
compagnons de voyage Wilson
40%
sportives allemandes Steffi Graf
39%
pays du monde Yémen
26%
Films français célébrissimes Emmanuelle
25%
Plantes fleuries Poinsettia | Etoile de Noël
13%
Aucun quiz correspondant
Distribution des résultats
% des personnes avec chaque résultat
Percentile par nombre de réponses
Votre historique - résultats
Vous n’avez pas pris ce quiz